List of Nations in Europe in 814 CE, on a Map - Statistics

General Stats
  • This quiz has been taken 80 times
  • The average score is 15 of 35
Answers on the Map
Answers color-coded by a green-red scale on the quiz's map according to % correct below.
 
Answer Stats
Nation % Correct
Carolingian Empire
95%
Kingdom of Sweden
88%
Kingdom of Denmark
86%
Kingdom of Norway
84%
Byzantine Empire
73%
Kingdom of Scotland
70%
Duchy of Bohemia
64%
Bulgarian Empire
63%
Duchy of Croatia
60%
Kingdom of Brittany
60%
Duchy of Benevento
55%
Kingdom of Wessex
53%
Emirate of Cordoba
52%
Kingdom of Dumnonia
49%
Kingdom of Northumbria
48%
Kingdom of Essex
42%
Kingdom of Mercia
42%
Kingdom of Munster
42%
Kingdom of Sussex
42%
Great Moravia
40%
Kingdom of Kent
40%
March of Pannonia
37%
Kingdom of East Anglia
36%
Kingdom of Asturias
34%
Kingdom of Ulaid
34%
Kingdom of Leinster
27%
Kingdom of Connacht
26%
Kingdom of Powys
18%
Khazar Khaganate
16%
Kingdom of Gwynedd
16%
Kingdom of Strathclyde
14%
Kingdom of Dal Riata
11%
Kingdom of Gwent
8%
Confederation of the Veleti
7%
Kingdom of Dyfed
5%
No matching quizzes found
Score Distribution
Percent of People with Each Score
Percentile by Number Answered
Your Score History
You have not taken this quiz